00000000nam##2200000za#4500
0019.659484
003CaOODSP
00520200328175723
007ta
008150407|1997||||xxc|||||     f|0| 0 fre|d
020 |a0-662-63081-5
040 |aCaOODSP|bfre
041 |aeng
041 |afre
043 |an-cn---
0861 |aH21-99/1996
1101 |aCanada.|bSanté Canada. |bDirection générale des politiques et de la consultation.
24510|aDépense nationales de santé au Canada, 1975-1996
260 |aOttawa - Ontario : |bSanté Canada. |c1997.
300 |a17p. : |bgraphiques, tableaux ; |c28 cm.
546 |aBilingue
563 |aCouverture souple
590 |a98-42|b1998-10-16
7760#|tNational health expenditures in Canada, 1975-1996 : |w(CaOODSP)9.675797
791 |tNational health expenditures in Canada, 1975-1996 |eeng|w(CaOODSP)9.659483
986 |aFeuilles d'information.